000 01368nam a2200349 a 4500
001 ebr2002993
003 CaPaEBR
006 m u
007 cr cn|||||||||
008 990730s2000 enk sb 001 0 eng
010 _z 99043350
020 _z0312229321 (cloth : in North America )
020 _z0333751191 (outside North America)
040 _aCaPaEBR
_cCaPaEBR
035 _a(OCoLC)133167634
050 1 4 _aJZ1733
_b.R39 2000eb
082 0 4 _a327.1/4/0951249
_221
100 1 _aRawnsley, Gary D.
245 1 0 _aTaiwan's informal diplomacy and propoganda
_h[electronic resource] /
_cGary D. Rawnsley.
260 _aHoundmills, Basingstoke, Hampshire ;
_aNew York :
_bPalgrave,
_cc2000.
300 _axiii, 182 p.
490 1 _aStudies in diplomacy
504 _aIncludes bibliographical references (p. 172-178) and index.
533 _aElectronic reproduction.
_bPalo Alto, Calif. :
_cebrary,
_d2013.
_nAvailable via World Wide Web.
_nAccess may be limited to ebrary affiliated libraries.
650 0 _aPropaganda, Taiwan.
650 0 _aDiplomacy.
651 0 _aTaiwan
_xForeign relations
_y1945-
655 7 _aElectronic books.
_2local
710 2 _aebrary, Inc.
830 0 _aStudies in diplomacy.
856 4 0 _uhttp://site.ebrary.com/lib/rucke/Doc?id=2002993
_zAn electronic book accessible through the World Wide Web; click to view
999 _c123510
_d123510